Celebrities at Wimbledon Quiz Stats

 Plays Quiz Updated Jun 29, 2015

Challenge
Share
Tweet
Score 0/24 Timer 08:00
0 Plays Today
% Correct
David Beckham
93.4%
Samuel L. Jackson
89.4%
Jay-Z
80.8%
Ricky Gervais
73.1%
Condoleezza Rice
73.1%
Andre Agassi
71.3%
Patrick Stewart
70.5%
Orlando Bloom & Kate Beckinsale
70.4%
Bradley Cooper & Gerard Butler
68.4%
Shaquille O'Neal
68.2%
Keira Knightley
68.2%
Pippa Middleton
67.3%
% Correct
David Cameron
57.1%
Chris Hemsworth & Elsa Pataky
53.2%
Jim Parsons
52.9%
Hugh Jackman
51.6%
JK Rowling
47.7%
David Tennant
43.2%
Rory McIlroy
38.8%
Maria Sharapova
37.5%
Christine Bleakley & Frank Lampard
36.8%
Ronnie Wood
34.6%
Redfoo
22.5%
Liam Payne
19.5%

You're not logged in!

Compare scores with friends on all Sporcle quizzes.
Join for Free
OR
Log In

You Might Also Like...

Show Comments

Extras

Top Quizzes Today


Score Distribution

Your Account Isn't Verified!

In order to create a playlist on Sporcle, you need to verify the email address you used during registration. Go to your Sporcle Settings to finish the process.

Report this User

Report this user for behavior that violates our Community Guidelines.

Details: